| 000 | 00850na a2200253 4500 | ||
|---|---|---|---|
| 001 | 16465 | ||
| 003 | MIRAKIL | ||
| 005 | 20181213154931.0 | ||
| 008 | 161011b tu 000 0 | ||
| 040 |
_aMilas _btur _cTR-AnCHP |
||
| 041 | _atur | ||
| 082 |
_a323.9561 _bP26 2007 |
||
| 090 | _a323.9561 P26 2007 | ||
| 245 |
_aParlamenter diplomasi _bTBMM Başkanlığı 2002 / 2007 bütün faaliyetleri _cyay. haz. Abdullah Durmuşoğlu, Ayşegül Çelik Şahin, Nuri Demirorman |
||
| 246 | _aTBMM Başkanlığı 2002 / 2007 bütün faaliyetleri | ||
| 260 |
_aAnkara _bTBMM _c2007 |
||
| 300 |
_a120 s. _bresim var. _c19x27 sm. |
||
| 610 |
_aTBMM _xDış İlişkiler _yAlbümler |
||
| 651 |
_aTürkiye _xDış İlişkiler |
||
| 700 | _aDeliorman, Nuri | ||
| 700 | _aŞahin, Ayşegül Çelik | ||
| 700 | _aDurmuşoğlu, Abdullah | ||
| 942 |
_2ddc _cBKS |
||
| 999 |
_c3429 _d3429 |
||